000 00515nam a2200169Ia 4500
003 GCL
008 140319s9999 xx 000 0 ara d
040 _aGCL /
_cGCL
082 0 4 _a813.03
_bع ش
100 1 _aعلى زين العابدين مبارك
245 1 0 _aشجرة المشمش وقصص اخرى /
_cعلى زين العابدين مبارك
300 _a83 ص
490 _aاخترنا للفلاح
_v0
650 0 4 _aالادب العربى
650 0 4 _aالقصص العربية
942 _2ddc
_cBK
999 _c40143
_d40143